00593nam a2200193Ia 450000500170000000800410001702000230005804000190008104100120010008200160011210000200012824500890014826000310023730000310026850400340029965000340033365100220036785000100038920220712142717.0131103s9999 xx 000 0 und d a085226117 9cRs.80 aLoreto College aEnglish a307.72bCHI aChitambar, J.B. aIntroductory rural sociologyb a synopsis of concepts and principles cJ.B.Chitambar aDelhibWiley Easternc1973 axiv,369 p.b ill., figures aIncludes references and index aSpecific kinds of communities aRural communities aLCLIB